000 00696nam a2200181Ia 4500
005 20250423101051.0
008 250422s9999 xx 000 0 und d
020 _a9781032486161
050 _aHD 9015 .A2 .S87/
100 _aEdited by Stein Mark, Mariani Maurizio, Caranta, Roberto and Polychronakis Yiannis
245 0 _aSustainable food procurement : legal, social and organisational challenges
260 _aNew York
260 _b Routledge,
260 _c2024
300 _axii, 233p. :ill. ; 24cm.
650 _a Food supply--Government policy--European Union countries. Nutrition policy--European Union countries. Agriculture and state--European Union countries.
942 _cBK
999 _c35183
_d35183